00687cam a22002417a 4500003000500000005001700005008004100022010001000063011001000073020001500083035001000098040000900108082002100117110000800138245009000146260002400236300004000260490004600300650001400346650002200360700001700382830004600399CHAP20220817043810.0971013s1993 r 00010 d a84751 a85723 a9251031541 a96259 cCHAP a636.08bF3 v.113 aFAO13aThe technology of making cheese from camel milk (Camelus dromedarius)c/by J.P. Ramet aRome :bFAO,c2001. a62 p.b: ilus. ; cuadros ; gráfs. 0aFAO. Producción y sanidad animalv; 11314aCamellos.14aLeche de camella.0 aRamet, J. P. 0aFAO. Producción y sanidad animalv; 113